000
00245nam a2200109Ia 4500
008
220204s9999 xx 000 0 und d
082
_a
801.54
_b
LEE
100
_a
Leech, G
245
0
_a
Semantics
260
_a
England
_b
Penguin
_c
1978
942
_c
BK
999
_c
33027
_d
33027